MARC
| LEADER | 00000nam a2200000 4500 | ||
|---|---|---|---|
| 003 | SK-BrCVT | ||
| 005 | 20220617204810.0 | ||
| 008 | 020804s1981 rur e ||||||rus d | ||
| 035 | |a CVTIDW0964336 | ||
| 040 | |b slo |a CVTI SR | ||
| 041 | 0 | |a rus | |
| 044 | |a rur | ||
| 080 | |a 01 |2 UDC-MRF | ||
| 080 | |a 011/016 |2 UDC-MRF | ||
| 100 | 1 | |a Koršunov, Oleg Pavlovič | |
| 242 | 1 | 0 | |a Bibliografia. Všeobecný kurz |
| 245 | 1 | 0 | |a Bibliografija. Obščij kurs / |c Avtory: Oleg Pavlovič Koršunov a kol. |
| 260 | |a Moskva : |b Kniga, |c 1981 | ||
| 300 | |a 510 s. | ||
| 692 | |a ZH JM MM | ||
| 910 | |b A413975 | ||
| 974 | |f Knihy | ||
| 992 | |a APP | ||
| 999 | |c 119426 |d 119426 | ||